The Hellenistic age: Aspects Hellenistic civilization

Uloženo v:
Podrobná bibliografie
Hlavní autor: J B Bury
Médium: Kniha
Jazyk:Undetermined
Vydáno: New York W. W. Norton 1923
Témata:
Tagy: Přidat tag
Žádné tagy, Buďte první, kdo otaguje tento záznam!
Thư viện lưu trữ: Trung tâm Học liệu Trường Đại học Cần Thơ
LEADER 00497nam a2200181Ia 4500
001 CTU_10166
008 210402s9999 xx 000 0 und d
082 |a 909.38 
082 |b B975 
100 |a J B Bury 
245 4 |a The Hellenistic age: Aspects Hellenistic civilization 
245 0 |c J B Bury, E A Barber 
260 |a New York 
260 |b W. W. Norton 
260 |c 1923 
650 |a history, ancient 
904 |i Minh, 961004 
980 |a Trung tâm Học liệu Trường Đại học Cần Thơ